| 000 | 00519cam a2200157K 4500 | ||
|---|---|---|---|
| 082 |
_a910 _bGEO |
||
| 100 | 1 |
_aGeorge, H. B. _950476 |
|
| 245 | 1 | 2 |
_aA historical geography of the British empire _cby Hereford B. George ... With map. |
| 260 |
_aLondon, _bMethuen & Co. _c1919 |
||
| 300 |
_a1 online resource (xi, 312 p.) _bfold. map. |
||
| 500 | _a2d ed. | ||
| 526 |
_a0 _b0 _c0 _d910_000000000000000_GEO |
||
| 650 |
_aMCE _9379 |
||
| 856 | 4 | 0 | _uhttp://catalog.hathitrust.org/api/volumes/oclc/21886437.html |
| 942 |
_2ddc _cBK |
||
| 999 |
_c553215 _d553215 |
||